| 000 | 01231nam a22003375a 4500 | ||
|---|---|---|---|
| 003 | EG-ScBUE | ||
| 005 | 20220525095136.0 | ||
| 008 | 131218s2003 enka f 000 0 eng d | ||
| 020 | _a1405028637 | ||
| 020 | _a9781405028639 | ||
| 040 |
_aEG-ScBUE _beng _erda _cEG-ScBUE _dEG-ScBUE |
||
| 082 | 0 | 4 |
_a428.24 _bKER _222 |
| 100 | 1 |
_aKerr, Philip, _d1959- _eauthor. _910862 |
|
| 245 | 1 | 0 |
_aInside out. _pWorkbook / _cPhilip Kerr, Sue Kay & Vaughan Jones. |
| 246 | 3 | 4 |
_aInside out. _pWorkbook with key. _pElementary |
| 264 | 1 |
_aOxford, UK : _bMacmillan Education, _c2003. |
|
| 300 |
_a80 pages : _billustrations ; _c30 cm |
||
| 336 |
_2rdacontent _atext _btxt |
||
| 337 |
_2rdamedia _aunmediated _bn |
||
| 338 |
_2rdacarrier _avolume _bnc |
||
| 521 | _aFor elementary learners. | ||
| 650 | 7 |
_aEnglish language _vTextbooks for foreign speakers. _2BUEsh _943 |
|
| 650 | 7 |
_aEnglish language _xSentences _vProblems, exercises, etc. _2BUEsh _99255 |
|
| 650 | 7 |
_aEnglish language _xGrammar _vProblems, exercises, etc. _2BUEsh _93028 |
|
| 651 | _2BUEsh | ||
| 653 |
_bHHUUEENN _cDecember2013 _cDecember2018 |
||
| 655 |
_vReading book _934232 |
||
| 700 | 1 |
_aKay, Sue, _eauthor. _913788 |
|
| 700 | 1 |
_aJones, Vaughan, _eauthor. _913789 |
|
| 942 |
_2ddc _cBB |
||
| 999 |
_c17872 _d17844 |
||